01346nam a2200289 a 450000100060000000300080000600500170001400800410003103500190007204000280009104100130011908200230013210000320015524502330018724600260042024600610044626000580050730000280056550000790059350000900067250400510076261000320081365000350084565000340088070001170091470000250103131840BD-RjUL20211209051745.0140422s1937 enk 001 0 eng d a(BD-RjUL)31928 aDLCbengc DLCdBD-RjUL1 aenghger04a270bPAH V-26 19371 aPastor, Ludwig,d1854-1928.14aThe history of the popes, from the close of the Middle Ages :bdrawn from the secret archives of the Vatican and other original sources.nVolume XXV /cfrom the German of Ludwig Pastor ; translated and edited by Dom Ernest Graf.15aHistory of the popes.3 aHistory of the popes, from the close of the Middle Ages. aLondon :bKegan Paul, Trench, Trübner & Co.,c1937. axliii, 478 p. ;c23 cm. aTranslation of: Geschichte der Päpste seit dem Ausgang des Mittelalters. aCovers the period from the election of Leo XI in 1605 to the death of Paul V in 1621. aIncludes bibliographical references and index. aCatholic Church -- History. 0aPapacyxHistoryy17th century. 0aChurch historyy17th century.1 aPastor, Ludwig,cFreiherr von,d1854-1928.tGeschichte der Päpste seit dem Ausgang des Mittelalters.lEnglish.1 aGraf, Ernest,d1879-